When Will I Be Loved Lyrics - Linda Ronstadt - Statistics

General Stats
  • This quiz has been taken 13 times
  • The average score is 94 of 108
Answer Stats
Answer % Correct
be
100%
been
100%
Been
100%
He
100%
I
100%
I've
100%
loved?
100%
When
100%
when
100%
will
100%
a
90%
cheated
90%
It
90%
man
90%
mistreated
90%
That
90%
time
90%
to
90%
down
80%
every
80%
for
80%
happens
80%
in
80%
me,
80%
my
80%
new
80%
Oh,
80%
put
80%
find
70%
'round
70%
want
70%
heart
60%
pushed
60%
always
50%
breaks
50%
lied
50%
mine
50%
two
50%
blue
40%
made
40%
Tell
40%
No matching quizzes found
Score Distribution
Percent of People with Each Score
Percentile by Number Answered
Your Score History
You have not taken this quiz